The wedding ghost

Bibliographic Details
Main Author: Garfield, Leon
Format: Book
Published: Oxford : University Press , 1992
Subjects:

MARC

LEADER 00000cam a2200000 7i4500
001 0000003249
002 000003506
005 20000330.0
020 |a 0192797794 
090 0 0 |a JF   |b GAR 
100 1 |a Garfield, Leon 
245 1 4 |a The wedding ghost   |c Leon Garfield 
260 |a Oxford :   |b University Press ,   |c 1992 
300 |a 64p. :   |b ill ;   |c 28cm. 
650 0 0 |a Ghost stories 
999 |a 035686   |b BUKU   |c JUNIOR FICTION   |e PERPUSTAKAAN KOMUNITI PETALING JAYA